Capital formation in Japan 1868-1940

Kaydedildi:
Detaylı Bibliyografya
Yazar: Rosovsky, Henry
Materyal Türü: Kitap
Dil:Undetermined
Baskı/Yayın Bilgisi: New York The Free Press of Glencoe 1961
Konular:
Etiketler: Etiketle
Etiket eklenmemiş, İlk siz ekleyin!
Thư viện lưu trữ: Trung tâm Học liệu Trường Đại học Cần Thơ
LEADER 00526nam a2200193Ia 4500
001 CTU_79919
008 210402s9999 xx 000 0 und d
082 |a 332.670952 
082 |b R875 
100 |a Rosovsky, Henry 
245 0 |a Capital formation in Japan 1868-1940 
245 0 |c Henry Rosovsky 
260 |a New York 
260 |b The Free Press of Glencoe 
260 |c 1961 
650 |a Saving and investment 
650 |z Japan 
904 |i Trọng Hải 
980 |a Trung tâm Học liệu Trường Đại học Cần Thơ